[Event "SVK-ch Open 2018"]
[Site "Banska Stiavnica"]
[Date "2018.07.11"]
[Round "5"]
[White "Brhel, Jan"]
[Black "Ucekajova, Veronika"]
[Result "1-0"]
[WhiteElo "2070"]
[BlackElo "1757"]
[Annotator "NA"]
[PlyCount "57"]
[EventDate "2018.07.07"]
[EventType "swiss"]
[EventCountry "SVK"]
[SourceTitle "playchess.com"]
[Source "ChessBase"]
[SourceQuality "1"]
[TimeControl "40/5400+30:1800+30"]

1. d4 {[%emt 0:01:33]} Nf6 {[%emt 0:00:00]} 2. c4 {[%emt 0:00:09]} c5 {[%emt 0:00:06]} 3. d5 {[%emt 0:00:08]} b5 {[%emt 0:00:08]} 4. Qc2 {[%emt 0:04:30]} bxc4 {[%emt 0:06:03]} 5. Nc3 {[%emt 0:01:16]} d6 $11 {[%emt 0:05:11]} 6. e4 {[%emt 0:00:19]} Nbd7 {[%emt 0:01:24]} 7. Bxc4 {[%emt 0:00:13]} Nb6 {[%emt 0:01:40]} 8. b3 {[%emt 0:00:20]} g6 {[%emt 0:02:00]} 9. Nf3 {[%emt 0:11:57]} Bg7 {[%emt 0:02:18]} 10. Rb1 {[%emt 0:03:37]} O-O {[%emt 0:01:46]} 11. O-O {[%emt 0:03:09]} Nxc4 {[%emt 0:25:23]} 12. bxc4 {[%emt 0:00:08]} e6 {[%emt 0:00:34]} 13. h3 {[%emt 0:15:59]} exd5 {[%emt 0:12:00]} 14. cxd5 {[%emt 0:01:02]} Ba6 {[%emt 0:00:26]} 15. Re1 {[%emt 0:02:35]} Qa5 {[%emt 0:08:03]} 16. Bd2 Rfb8 {[%emt 0:00:03]} 17. Rxb8+ {[%emt 0:05:11]} Rxb8 {[%emt 0:03:39]} 18. e5 {[%emt 0:00:51]} dxe5 {[%emt 0:09:29]} 19. Nxe5 {[%emt 0:07:17]} Qc7 {[%emt 0:03:49]} 20. Qa4 Qd6 21. Nc6 {[%emt 0:03:08]} Rb6 {[%emt 0:02:51]} 22. Bf4 {[%emt 0:00:43]} Qd7 {[%emt 0:01:29]} 23. Re7 {[%emt 0:01:15]} Qf5 {[%emt 0:01:01]} 24. Re8+ {[%emt 0:02:02]} Nxe8 {[%emt 0:00:28]} 25. Ne7+ {[%emt 0:00:11]} Kf8 {[%emt 0:00:09]} 26. Nxf5 {[%emt 0:00:14]} Bxc3 {[%emt 0:01:06]} 27. Bh6+ {[%emt 0:00:51]} Ng7 {[%emt 0:00:21]} 28. Qd7 {[%emt 0:01:04]} Bf6 {[%emt 0:02:04]} 29. Bxg7+ {[%emt 0:00:24]} 1-0

[Event "SVK-ch Open 2018"]
[Site "Banska Stiavnica"]
[Date "2018.07.11"]
[Round "5"]
[White "Odler, Daniel"]
[Black "Brnusak, Tomas"]
[Result "0-1"]
[WhiteElo "2067"]
[BlackElo "1910"]
[Annotator "NA"]
[PlyCount "82"]
[EventDate "2018.07.07"]
[EventType "swiss"]
[EventCountry "SVK"]
[SourceTitle "playchess.com"]
[Source "ChessBase"]
[SourceQuality "1"]
[TimeControl "40/5400+30:1800+30"]

1. e4 {[%emt 0:00:00]} c5 {[%emt 0:00:00]} 2. Nf3 {[%emt 0:00:30]} e6 {[%emt 0:00:30]} 3. d4 {[%emt 0:00:30]} cxd4 {[%emt 0:00:30]} 4. Nxd4 {[%emt 0:00:30]} Nc6 {[%emt 0:00:00]} 5. Nc3 {[%emt 0:00:00]} Qc7 {[%emt 0:02:49]} 6. Be3 {[%emt 0:00:00]} a6 {[%emt 0:02:48]} 7. Be2 {[%emt 0:01:03]} Nf6 {[%emt 0:02:14]} 8. O-O {[%emt 0:00:20]} Bb4 {[%emt 0:03:00]} 9. Na4 {[%emt 0:01:03]} Be7 {[%emt 0:01:37]} 10. Nxc6 {[%emt 0:00:54]} bxc6 {[%emt 0:01:15]} 11. Nb6 {[%emt 0:01:32]} Rb8 {[%emt 0:01:30]} 12. Nxc8 $11 {[%emt 0:00:11]} Qxc8 {[%emt 0:01:18]} 13. e5 {[%emt 0:03:20]} Nd5 {[%emt 0:01:51]} 14. Bd2 {[%emt 0:01:33]} O-O {[%emt 0:02:41]} 15. c4 {[%emt 0:00:40]} Nb6 {[%emt 0:01:19]} 16. Bd3 {[%emt 0:05:01]} Qe8 {[%emt 0:02:59]} 17. Qc2 {[%emt 0:05:06]} h6 {[%emt 0:05:52]} 18. a4 {[%emt 0:09:40]} c5 {[%emt 0:03:24]} 19. f4 {[%emt 0:04:18]} f5 {[%emt 0:03:02]} 20. exf6 {[%emt 0:01:25]} Bxf6 {[%emt 0:01:09]} 21. Be3 {[%emt 0:05:13]} Qe7 {[%emt 0:03:18]} 22. Rae1 {[%emt 0:03:42]} Nc8 {[%emt 0:05:34]} 23. b3 {[%emt 0:00:29]} Na7 {[%emt 0:00:42]} 24. Qf2 {[%emt 0:02:42]} d6 {[%emt 0:01:33]} 25. Bc2 {[%emt 0:07:57]} Nc6 {[%emt 0:01:38]} 26. Qe2 {[%emt 0:01:50]} Bd4 {[%emt 0:03:09]} 27. Qd3 {[%emt 0:01:31]} Qf6 {[%emt 0:02:04]} 28. Qh7+ {[%emt 0:04:11]} Kf7 {[%emt 0:00:23]} 29. Qe4 {[%emt 0:00:42]} Bxe3+ {[%emt 0:01:25]} 30. Rxe3 {[%emt 0:00:23]} Nd4 {[%emt 0:00:43]} 31. Bd1 {[%emt 0:01:21]} Kg8 {[%emt 0:05:52]} 32. g3 {[%emt 0:10:47]} Qf5 {[%emt 0:03:24]} 33. Qxf5 {[%emt 0:04:39]} Rxf5 {[%emt 0:00:13]} 34. Rfe1 {[%emt 0:01:20]} Rf6 {[%emt 0:01:43]} 35. Kg2 {[%emt 0:01:16]} Kf7 {[%emt 0:01:23]} 36. Bg4 {[%emt 0:10:15]} Nc2 {[%emt 0:04:41]} 37. Bxe6+ {[%emt 0:01:28]} Kf8 {[%emt 0:00:11]} 38. Bd7 {[%emt 0:07:41]} Nxe1+ {[%emt 0:00:43]} 39. Rxe1 {[%emt 0:00:05]} Rf7 {[%emt 0:01:38]} 40. Be6 {[%emt 0:02:10]} Rfb7 {[%emt 0:00:47]} 41. Bd5 {[%emt 0:32:04]} Re7 {[%emt 0:30:56]} 0-1

[Event "SVK-ch Open 2018"]
[Site "Banska Stiavnica"]
[Date "2018.07.11"]
[Round "5"]
[White "Bojda, Lubomir"]
[Black "Slaby, Jozef"]
[Result "1-0"]
[WhiteElo "2064"]
[BlackElo "1731"]
[Annotator "NA"]
[PlyCount "113"]
[EventDate "2018.07.07"]
[EventType "swiss"]
[EventCountry "SVK"]
[SourceTitle "playchess.com"]
[Source "ChessBase"]
[SourceQuality "1"]
[TimeControl "40/5400+30:1800+30"]

1. d4 {[%emt 0:01:14]} Nf6 {[%emt 0:00:00]} 2. Nf3 {[%emt 0:00:06]} g6 {[%emt 0:00:20]} 3. Bf4 {[%emt 0:04:34]} d6 {[%emt 0:01:09]} 4. h3 {[%emt 0:00:18]} Nbd7 {[%emt 0:00:59]} 5. e3 {[%emt 0:03:18]} Bg7 {[%emt 0:01:34]} 6. Bc4 {[%emt 0:03:02]} O-O {[%emt 0:00:44]} 7. O-O {[%emt 0:00:13]} c6 {[%emt 0:04:31]} 8. Nbd2 {[%emt 0:02:01]} b5 {[%emt 0:01:20]} 9. Bd3 {[%emt 0:01:26]} Bb7 {[%emt 0:02:29]} 10. Rc1 {[%emt 0:03:38]} a6 {[%emt 0:00:24]} 11. c4 {[%emt 0:00:33]} Re8 {[%emt 0:02:44]} 12. Bg5 {[%emt 0:05:15]} h6 {[%emt 0:02:14]} 13. Bh4 {[%emt 0:00:12]} Rc8 {[%emt 0:04:37]} 14. Qb3 {[%emt 0:01:26]} Qb6 {[%emt 0:03:55]} 15. Bxf6 {[%emt 0:07:56]} Bxf6 {[%emt 0:01:14]} 16. Ne4 {[%emt 0:00:14]} Bg7 {[%emt 0:00:19]} 17. c5 {[%emt 0:00:20]} dxc5 {[%emt 0:01:03]} 18. Nxc5 {[%emt 0:00:11]} Nxc5 {[%emt 0:00:29]} 19. dxc5 {[%emt 0:00:12]} Qc7 {[%emt 0:00:25]} 20. Bxg6 {[%emt 0:00:05]} e6 {[%emt 0:00:37]} 21. Bb1 {[%emt 0:00:56]} Rcd8 {[%emt 0:00:39]} 22. Rfd1 {[%emt 0:02:25]} Qe7 {[%emt 0:02:47]} 23. Qc2 {[%emt 0:01:20]} f5 {[%emt 0:00:25]} 24. b4 {[%emt 0:01:11]} Bc8 {[%emt 0:01:37]} 25. a3 {[%emt 0:00:09]} Qf6 {[%emt 0:00:46]} 26. Nd4 {[%emt 0:02:35]} Bb7 {[%emt 0:07:10]} 27. Ba2 {[%emt 0:03:06]} Bc8 {[%emt 0:05:24]} 28. Nxc6 {[%emt 0:08:11]} Rxd1+ {[%emt 0:00:18]} 29. Rxd1 {[%emt 0:00:11]} Qb2 {[%emt 0:02:06]} 30. Qb3 {[%emt 0:12:34]} Qxb3 {[%emt 0:00:28]} 31. Bxb3 {[%emt 0:00:06]} Kh7 {[%emt 0:00:42]} 32. f4 {[%emt 0:01:47]} Bb2 {[%emt 0:00:56]} 33. a4 {[%emt 0:00:35]} Kg6 {[%emt 0:03:02]} 34. axb5 {[%emt 0:01:06]} axb5 {[%emt 0:00:06]} 35. Rd6 {[%emt 0:00:23]} Bc3 {[%emt 0:01:03]} 36. Rd3 {[%emt 0:00:24]} Bb2 {[%emt 0:00:25]} 37. Bd1 {[%emt 0:06:25]} Kf6 {[%emt 0:01:23]} 38. Na5 {[%emt 0:01:48]} e5 {[%emt 0:02:31]} 39. Bh5 {[%emt 0:04:56]} Rg8 {[%emt 0:02:44]} 40. Rd6+ {[%emt 0:00:15]} Kg7 {[%emt 0:01:31]} 41. Nc6 {[%emt 0:31:20]} exf4 {[%emt 0:31:14]} 42. exf4 {[%emt 0:00:55]} Bf6 {[%emt 0:04:44]} 43. g3 {[%emt 0:00:05]} Rf8 {[%emt 0:01:07]} 44. Kf2 {[%emt 0:01:07]} Kh8 {[%emt 0:00:06]} 45. Nd4 {[%emt 0:01:16]} Kg7 {[%emt 0:01:20]} 46. Nxb5 {[%emt 0:01:55]} Be7 {[%emt 0:02:24]} 47. Rd2 {[%emt 0:01:06]} Be6 {[%emt 0:01:20]} 48. Nc7 {[%emt 0:02:26]} Bc8 {[%emt 0:01:32]} 49. Ne8+ {[%emt 0:02:26]} Kg8 {[%emt 0:02:54]} 50. Re2 {[%emt 0:00:16]} Bd8 {[%emt 0:00:20]} 51. b5 {[%emt 0:00:14]} Bd7 {[%emt 0:00:36]} 52. c6 {[%emt 0:00:42]} Bb6+ {[%emt 0:00:56]} 53. Kf3 Bxe8 {[%emt 0:00:09]} 54. Bxe8 {[%emt 0:00:57]} Rf6 {[%emt 0:00:26]} 55. Bd7 {[%emt 0:00:41]} Rd6 {[%emt 0:00:52]} 56. Bxf5 {[%emt 0:00:24]} Kg7 {[%emt 0:00:26]} 57. c7 {[%emt 0:01:24]} 1-0

[Event "SVK-ch Open 2018"]
[Site "Banska Stiavnica"]
[Date "2018.07.11"]
[Round "5"]
[White "Bartek, Ladislav"]
[Black "Mrvova, Alena"]
[Result "0-1"]
[WhiteElo "2049"]
[BlackElo "2202"]
[Annotator "NA"]
[PlyCount "104"]
[EventDate "2018.07.07"]
[EventType "swiss"]
[EventCountry "SVK"]
[SourceTitle "playchess.com"]
[Source "ChessBase"]
[SourceQuality "1"]
[TimeControl "40/5400+30:1800+30"]

1. e4 {[%emt 0:00:00]} c5 {[%emt 0:00:00]} 2. Nf3 {[%emt 0:00:00]} d6 {[%emt 0:00:15]} 3. d4 {[%emt 0:00:00]} cxd4 {[%emt 0:00:05]} 4. Nxd4 {[%emt 0:00:02]} Nf6 {[%emt 0:00:31]} 5. Nc3 {[%emt 0:00:09]} a6 {[%emt 0:00:38]} 6. Bg5 {[%emt 0:00:09]} e6 {[%emt 0:00:51]} 7. f4 {[%emt 0:00:09]} Be7 {[%emt 0:01:21]} 8. Qf3 {[%emt 0:00:11]} h6 {[%emt 0:02:49]} 9. Bh4 {[%emt 0:00:12]} Nfd7 {[%emt 0:00:41]} 10. Bxe7 {[%emt 0:01:50]} Qxe7 {[%emt 0:00:04]} 11. O-O-O {[%emt 0:01:35]} Nc6 {[%emt 0:01:02]} 12. Nxc6 {[%emt 0:04:01]} bxc6 {[%emt 0:00:04]} 13. Bc4 {[%emt 0:03:39]} (13. h4 $14) 13... O-O {[%emt 0:01:20]} 14. Rhe1 {[%emt 0:00:49]} Nb6 {[%emt 0:04:00]} 15. Bb3 $11 {[%emt 0:00:25]} Rd8 {[%emt 0:01:56]} 16. f5 {[%emt 0:05:27]} c5 {[%emt 0:05:17]} 17. fxe6 {[%emt 0:03:24]} fxe6 {[%emt 0:02:01]} 18. Na4 {[%emt 0:05:16]} Nxa4 {[%emt 0:02:04]} 19. Bxa4 {[%emt 0:00:06]} Rb8 {[%emt 0:02:33]} 20. Bb3 {[%emt 0:02:35]} a5 {[%emt 0:02:12]} 21. Qc3 {[%emt 0:01:41]} Qc7 {[%emt 0:00:21]} 22. Re3 {[%emt 0:01:49]} Kh8 {[%emt 0:03:46]} 23. Rh3 {[%emt 0:00:52]} e5 {[%emt 0:00:23]} 24. Rh4 {[%emt 0:10:29]} Rb4 {[%emt 0:03:08]} 25. Bd5 {[%emt 0:00:49]} Qe7 {[%emt 0:02:49]} 26. Qg3 {[%emt 0:01:20]} Be6 {[%emt 0:04:50]} 27. Rh5 Rdb8 28. b3 {[%emt 0:07:47]} Bxd5 {[%emt 0:02:44]} 29. exd5 {[%emt 0:02:29]} Qf6 {[%emt 0:03:34]} 30. Qh3 {[%emt 0:02:14]} e4 {[%emt 0:07:18]} 31. c3 {[%emt 0:07:37]} R4b7 {[%emt 0:03:10]} 32. Rf5 {[%emt 0:02:24]} Qg6 {[%emt 0:00:40]} 33. Rdf1 {[%emt 0:00:40]} Kh7 {[%emt 0:01:59]} 34. Rf8 {[%emt 0:00:53]} Qg5+ {[%emt 0:01:12]} 35. Kc2 {[%emt 0:02:00]} Qxd5 {[%emt 0:00:35]} 36. Rxb8 {[%emt 0:03:35]} Rxb8 {[%emt 0:00:14]} 37. Qf5+ {[%emt 0:00:50]} Qxf5 {[%emt 0:00:05]} 38. Rxf5 {[%emt 0:00:08]} Re8 {[%emt 0:02:32]} 39. Kd2 {[%emt 0:00:24]} Kg6 {[%emt 0:02:42]} 40. g4 {[%emt 0:00:26]} a4 {[%emt 0:03:12]} 41. Ke3 {[%emt 0:30:41]} axb3 {[%emt 0:30:23]} 42. axb3 {[%emt 0:00:13]} Rb8 {[%emt 0:00:11]} 43. Kxe4 {[%emt 0:00:48]} Rxb3 {[%emt 0:00:09]} 44. Kd3 {[%emt 0:00:48]} Rb2 {[%emt 0:00:58]} 45. h4 {[%emt 0:00:07]} Rg2 {[%emt 0:00:22]} 46. h5+ {[%emt 0:00:20]} Kh7 {[%emt 0:00:04]} 47. Rf4 {[%emt 0:00:28]} d5 {[%emt 0:02:39]} 48. Ra4 {[%emt 0:01:20]} Rg3+ {[%emt 0:03:08]} 49. Kc2 {[%emt 0:00:35]} d4 {[%emt 0:01:39]} 50. cxd4 {[%emt 0:00:33]} Rxg4 {[%emt 0:00:06]} 51. Rc4 {[%emt 0:00:59]} cxd4 {[%emt 0:00:07]} 52. Kd3 {[%emt 0:00:05]} Rg5 {[%emt 0:00:05]} 0-1

[Event "SVK-ch Open 2018"]
[Site "Banska Stiavnica"]
[Date "2018.07.11"]
[Round "5"]
[White "Posa, Norbert"]
[Black "Molnar, Erno"]
[Result "0-1"]
[WhiteElo "2036"]
[BlackElo "2231"]
[Annotator "NA"]
[PlyCount "70"]
[EventDate "2018.07.07"]
[EventType "swiss"]
[EventCountry "SVK"]
[SourceTitle "playchess.com"]
[Source "ChessBase"]
[SourceQuality "1"]
[TimeControl "40/5400+30:1800+30"]

1. d4 {[%emt 0:00:00]} Nf6 {[%emt 0:00:42]} 2. Bf4 {[%emt 0:00:00]} g6 {[%emt 0:00:39]} 3. Nc3 {[%emt 0:00:00]} d5 {[%emt 0:02:36]} 4. Qd2 {[%emt 0:00:27]} c6 {[%emt 0:02:40]} 5. f3 {[%emt 0:04:59]} b5 $11 {[%emt 0:03:47] LiveBook: 6 Games} 6. a3 {[%emt 0:01:41]} Bg7 {[%emt 0:01:17]} 7. e4 {[%emt 0:04:21]} dxe4 {[%emt 0:07:51]} 8. fxe4 {[%emt 0:00:18]} O-O {[%emt 0:01:40]} 9. Nf3 {[%emt 0:01:22]} a5 {[%emt 0:01:58]} 10. Be2 {[%emt 0:10:30]} Na6 {[%emt 0:11:39]} 11. e5 {[%emt 0:01:47]} Nd5 {[%emt 0:04:33]} 12. Bh6 {[%emt 0:01:02]} Nac7 {[%emt 0:02:49]} 13. Bxg7 {[%emt 0:00:46]} Kxg7 {[%emt 0:00:10]} 14. O-O {[%emt 0:00:48]} f5 {[%emt 0:05:25]} 15. Nxd5 {[%emt 0:02:06]} Nxd5 {[%emt 0:03:57]} 16. c4 {[%emt 0:02:03]} bxc4 {[%emt 0:02:05]} 17. Bxc4 {[%emt 0:00:06]} Be6 {[%emt 0:04:55]} 18. Ng5 {[%emt 0:12:33]} Bg8 {[%emt 0:02:13]} 19. Rac1 {[%emt 0:00:10]} Qb6 {[%emt 0:11:11]} 20. Rf3 {[%emt 0:06:04]} h6 {[%emt 0:07:01]} 21. Nh3 {[%emt 0:05:47]} Rfd8 {[%emt 0:02:23]} 22. Rd3 {[%emt 0:04:36]} a4 {[%emt 0:03:43]} 23. Kh1 {[%emt 0:18:32]} Rab8 {[%emt 0:02:39]} 24. Rc2 {[%emt 0:01:13]} Rd7 {[%emt 0:02:36]} 25. Ng1 {[%emt 0:00:31]} Rdb7 {[%emt 0:02:54]} 26. Nf3 {[%emt 0:03:33]} Qd8 {[%emt 0:01:10]} 27. h4 {[%emt 0:02:00]} f4 {[%emt 0:03:39]} 28. Bxd5 {[%emt 0:00:57]} Bxd5 {[%emt 0:00:14]} 29. Qxf4 {[%emt 0:00:44]} Rxb2 {[%emt 0:00:24]} 30. Rxb2 {[%emt 0:00:30]} Rxb2 {[%emt 0:00:03]} 31. h5 {[%emt 0:02:13]} Qf8 {[%emt 0:02:00]} 32. Qxf8+ {[%emt 0:00:39]} Kxf8 {[%emt 0:00:02]} 33. hxg6 {[%emt 0:00:30]} Rb3 {[%emt 0:01:00]} 34. Ne1 {[%emt 0:04:05]} Be4 {[%emt 0:00:31]} 35. Rh3 {[%emt 0:00:20]} Rxh3+ {[%emt 0:00:10]} 0-1

[Event "SVK-ch Open 2018"]
[Site "Banska Stiavnica"]
[Date "2018.07.11"]
[Round "5"]
[White "Toma, Rudolf"]
[Black "Kantorik, Marian"]
[Result "0-1"]
[WhiteElo "2018"]
[BlackElo "2260"]
[Annotator "NA"]
[PlyCount "118"]
[EventDate "2018.07.07"]
[EventType "swiss"]
[EventCountry "SVK"]
[SourceTitle "playchess.com"]
[Source "ChessBase"]
[SourceQuality "1"]
[TimeControl "40/5400+30:1800+30"]

1. d4 {[%emt 0:00:00]} d5 {[%emt 0:05:28]} 2. c4 {[%emt 0:00:00]} e6 {[%emt 0:00:22]} 3. Nc3 {[%emt 0:00:01]} c5 {[%emt 0:00:06]} 4. cxd5 {[%emt 0:00:29]} exd5 {[%emt 0:00:14]} 5. Nf3 {[%emt 0:00:24]} Nc6 {[%emt 0:00:07]} 6. e3 {[%emt 0:01:15]} Nf6 {[%emt 0:00:16]} 7. Be2 {[%emt 0:00:23]} Be7 {[%emt 0:01:11]} 8. O-O {[%emt 0:00:32]} O-O {[%emt 0:00:05]} 9. b3 {[%emt 0:00:54]} Ne4 {[%emt 0:01:56]} 10. Bb2 {[%emt 0:00:22]} Bf6 {[%emt 0:01:34]} 11. Rc1 {[%emt 0:00:23]} cxd4 {[%emt 0:02:35]} 12. Nxd4 {[%emt 0:03:34]} Nxd4 {[%emt 0:01:04]} 13. exd4 {[%emt 0:00:22]} Nxc3 {[%emt 0:03:07]} 14. Bxc3 {[%emt 0:00:53]} Be6 {[%emt 0:00:30]} 15. Re1 {[%emt 0:03:21]} Rc8 {[%emt 0:01:55]} 16. Bb4 {[%emt 0:01:27]} Re8 $11 {[%emt 0:08:42]} 17. Bb5 {[%emt 0:07:34]} Bd7 {[%emt 0:02:21]} 18. Rxe8+ {[%emt 0:00:11]} Qxe8 {[%emt 0:00:15]} 19. Rxc8 {[%emt 0:08:05]} Qxc8 {[%emt 0:00:09]} 20. Bxd7 {[%emt 0:00:23]} Qxd7 {[%emt 0:00:05]} 21. g3 {[%emt 0:00:07]} Qf5 {[%emt 0:01:32]} 22. Ba3 {[%emt 0:07:32]} h5 {[%emt 0:02:22]} 23. Bb2 {[%emt 0:03:57]} h4 {[%emt 0:00:52]} 24. g4 {[%emt 0:02:33]} Qe4 {[%emt 0:01:47]} 25. h3 {[%emt 0:00:42]} g6 {[%emt 0:12:19]} 26. a4 {[%emt 0:05:40]} Bg5 {[%emt 0:05:08]} 27. Bc3 {[%emt 0:02:37]} Bf4 {[%emt 0:17:47]} 28. Qe1 Qd3 29. Qe8+ {[%emt 0:04:44]} Kg7 {[%emt 0:02:12]} 30. Bb4 {[%emt 0:00:23]} Qb1+ {[%emt 0:00:14]} 31. Kg2 {[%emt 0:00:16]} Qe4+ {[%emt 0:00:04]} 32. Qxe4 {[%emt 0:00:13]} dxe4 {[%emt 0:00:11]} 33. Kf1 {[%emt 0:00:33]} Kf6 {[%emt 0:00:43]} 34. f3 {[%emt 0:02:16]} exf3 {[%emt 0:11:11]} 35. Kf2 {[%emt 0:00:10]} Ke6 {[%emt 0:00:31]} 36. Kxf3 {[%emt 0:00:09]} Bd6 {[%emt 0:00:36]} 37. Bxd6 {[%emt 0:07:42]} Kxd6 {[%emt 0:00:21]} 38. Ke4 {[%emt 0:00:05]} f6 {[%emt 0:04:50]} 39. a5 {[%emt 0:01:57]} b6 {[%emt 0:05:05]} 40. axb6 {[%emt 0:20:42]} axb6 {[%emt 0:00:12]} 41. d5 {[%emt 0:31:32]} b5 {[%emt 0:34:58]} 42. b4 {[%emt 0:00:00]} Kd7 43. Kf4 Ke7 {[%emt 0:00:00]} 44. g5 {[%emt 0:00:00]} f5 {[%emt 0:00:00]} 45. Ke5 {[%emt 0:00:00]} Ke8 {[%emt 0:00:00]} 46. d6 {[%emt 0:00:00]} Kd7 {[%emt 0:00:00]} 47. Kd5 {[%emt 0:00:00]} f4 {[%emt 0:00:00]} 48. Ke4 {[%emt 0:00:00]} Kxd6 {[%emt 0:00:00]} 49. Kxf4 {[%emt 0:00:00]} Kd5 50. Kg4 {[%emt 0:00:00]} Kc4 {[%emt 0:00:00]} 51. Kxh4 {[%emt 0:00:00]} Kxb4 {[%emt 0:00:00]} 52. Kg3 {[%emt 0:00:00]} Kc5 {[%emt 0:00:00]} 53. h4 {[%emt 0:00:00]} Kd6 {[%emt 0:00:00]} 54. h5 {[%emt 0:04:24]} gxh5 {[%emt 0:00:00]} 55. Kh4 {[%emt 0:00:06]} b4 {[%emt 0:00:00]} 56. Kxh5 {[%emt 0:00:33]} Ke7 {[%emt 0:00:00]} 57. Kh6 {[%emt 0:00:10]} b3 {[%emt 0:00:00]} 58. g6 {[%emt 0:01:00]} b2 {[%emt 0:00:00]} 59. g7 {[%emt 0:02:06]} Kf7 {[%emt 0:00:00]} 0-1

[Event "SVK-ch Open 2018"]
[Site "Banska Stiavnica"]
[Date "2018.07.11"]
[Round "5"]
[White "Milcova, Zuzana"]
[Black "Jamrich, Gyorgy"]
[Result "1-0"]
[WhiteElo "2002"]
[BlackElo "2200"]
[Annotator "NA"]
[PlyCount "111"]
[EventDate "2018.07.07"]
[EventType "swiss"]
[EventCountry "SVK"]
[SourceTitle "playchess.com"]
[Source "ChessBase"]
[SourceQuality "1"]
[TimeControl "40/5400+30:1800+30"]

1. e4 {[%emt 0:00:00]} c5 {[%emt 0:00:00]} 2. c3 {[%emt 0:00:00]} d6 {[%emt 0:00:00]} 3. Nf3 {[%emt 0:00:04]} Nf6 {[%emt 0:00:23]} 4. h3 {[%emt 0:01:09]} Nc6 {[%emt 0:03:02]} 5. Bd3 {[%emt 0:00:46]} e5 {[%emt 0:04:40]} 6. Bc2 {[%emt 0:01:49]} h6 {[%emt 0:04:23]} 7. d3 {[%emt 0:02:48]} Be7 {[%emt 0:03:20]} 8. Qe2 {[%emt 0:00:41]} Be6 {[%emt 0:05:43]} 9. Nbd2 {[%emt 0:06:31]} Qc7 {[%emt 0:03:10]} 10. a4 $11 {[%emt 0:03:18]} O-O-O {[%emt 0:05:01]} 11. Nc4 {[%emt 0:28:19]} g5 {[%emt 0:03:39]} 12. Bd2 {[%emt 0:08:36]} Nd7 {[%emt 0:07:03]} 13. Ne3 {[%emt 0:06:59]} Bf6 {[%emt 0:00:19]} 14. c4 {[%emt 0:10:16]} Rdg8 {[%emt 0:01:01]} 15. Nd5 {[%emt 0:02:30]} Qd8 {[%emt 0:00:15]} 16. g4 {[%emt 0:08:42]} h5 {[%emt 0:14:11]} 17. gxh5 {[%emt 0:06:50]} g4 {[%emt 0:00:14]} 18. hxg4 {[%emt 0:00:51]} Bxg4 {[%emt 0:00:06]} 19. Bc3 {[%emt 0:05:25]} Bg5 {[%emt 0:01:18]} 20. Bd1 {[%emt 0:02:23]} Nd4 {[%emt 0:16:10]} 21. Bxd4 {[%emt 0:00:04]} exd4 {[%emt 0:00:11]} 22. Qc2 {[%emt 0:00:35]} Bxh5 {[%emt 0:01:47]} 23. Be2 {[%emt 0:02:07]} Qa5+ {[%emt 0:08:33]} 24. Nd2 {[%emt 0:00:37]} Bxe2 {[%emt 0:00:12]} 25. Kxe2 {[%emt 0:00:01]} Nb6 {[%emt 0:01:02]} 26. Nb3 {[%emt 0:00:40]} Qa6 {[%emt 0:00:06]} 27. a5 {[%emt 0:00:33]} Nxd5 {[%emt 0:00:06]} 28. cxd5 {[%emt 0:00:18]} Qb5 {[%emt 0:00:54]} 29. Rxh8 {[%emt 0:00:40]} Rxh8 {[%emt 0:00:07]} 30. Nxd4 {[%emt 0:00:19]} Qa6 {[%emt 0:04:24]} 31. b4 {[%emt 0:00:22]} b6 {[%emt 0:00:42]} 32. Nf5 {[%emt 0:00:41]} Kd7 {[%emt 0:01:23]} 33. Ra2 {[%emt 0:00:18]} Rc8 {[%emt 0:00:45]} 34. axb6 {[%emt 0:00:18]} Qxb6 {[%emt 0:00:27]} 35. Qa4+ {[%emt 0:00:41]} Kd8 {[%emt 0:00:16]} 36. b5 {[%emt 0:01:08]} Rc7 {[%emt 0:00:22]} 37. Qa6 {[%emt 0:00:19]} Bf4 {[%emt 0:02:07]} 38. Qxb6 {[%emt 0:00:28]} axb6 {[%emt 0:00:04]} 39. Ra8+ {[%emt 0:00:10]} Rc8 {[%emt 0:00:39]} 40. Rxc8+ {[%emt 0:00:19]} Kxc8 {[%emt 0:00:05]} 41. Kf3 {[%emt 0:30:33]} Be5 {[%emt 0:30:05]} 42. Nh6 {[%emt 0:00:48]} f6 {[%emt 0:00:18]} 43. Kg4 {[%emt 0:00:00]} Kd7 {[%emt 0:00:00]} 44. Kf5 {[%emt 0:00:00]} Ke7 {[%emt 0:00:00]} 45. Kg6 {[%emt 0:00:00]} Kf8 {[%emt 0:00:00]} 46. Ng4 {[%emt 0:00:00]} Bd4 {[%emt 0:00:00]} 47. Nxf6 {[%emt 0:00:00]} Bxf2 {[%emt 0:00:00]} 48. Nd7+ {[%emt 0:00:00]} Ke7 {[%emt 0:00:00]} 49. Nxb6 {[%emt 0:00:00]} Bh4 {[%emt 0:00:00]} 50. Kf5 {[%emt 0:00:00]} Bg3 {[%emt 0:00:00]} 51. Nc4 {[%emt 0:00:00]} Kd7 {[%emt 0:00:00]} 52. b6 {[%emt 0:00:00]} Bh2 {[%emt 0:00:00]} 53. Na5 {[%emt 0:00:00]} Bg3 {[%emt 0:00:00]} 54. b7 {[%emt 0:00:18]} Kc7 {[%emt 0:00:00]} 55. Ke6 {[%emt 0:00:06]} Bf4 {[%emt 0:00:00]} 56. Nc4 {[%emt 0:01:12]} 1-0

[Event "SVK-ch Open 2018"]
[Site "Banska Stiavnica"]
[Date "2018.07.11"]
[Round "5"]
[White "Gajdosik, Andrej"]
[Black "Urhegyi, Ferenc"]
[Result "1-0"]
[WhiteElo "1992"]
[BlackElo "1851"]
[Annotator "NA"]
[PlyCount "43"]
[EventDate "2018.07.07"]
[EventType "swiss"]
[EventCountry "SVK"]
[SourceTitle "playchess.com"]
[Source "ChessBase"]
[SourceQuality "1"]
[TimeControl "40/5400+30:1800+30"]

1. d4 {[%emt 0:00:00]} e6 {[%emt 0:00:00]} 2. c4 {[%emt 0:00:00]} b6 {[%emt 0:00:00]} 3. e4 {[%emt 0:00:37]} Bb7 {[%emt 0:00:00]} 4. Bd3 {[%emt 0:00:39]} f5 {[%emt 0:00:17]} 5. exf5 {[%emt 0:01:15]} Bxg2 {[%emt 0:00:13]} 6. Qh5+ {[%emt 0:00:25]} g6 {[%emt 0:00:04]} 7. fxg6 {[%emt 0:00:13]} Bg7 {[%emt 0:00:09]} 8. gxh7+ {[%emt 0:00:45]} Kf8 {[%emt 0:00:10]} 9. Bg5 {[%emt 0:00:44]} Nf6 {[%emt 0:00:39]} 10. Qh4 {[%emt 0:00:26]} Bxh1 {[%emt 0:01:35]} 11. Ne2 {[%emt 0:00:38]} d5 {[%emt 0:12:44]} 12. Nf4 {[%emt 0:06:39]} Kf7 {[%emt 0:06:07]} 13. Bg6+ {[%emt 0:17:33]} Ke7 {[%emt 0:00:16]} 14. Nd2 {[%emt 0:00:21]} Be4 {[%emt 0:06:22]} 15. Bxe4 {[%emt 0:16:50]} dxe4 {[%emt 0:03:06]} 16. Ng6+ {[%emt 0:00:14]} Ke8 {[%emt 0:11:20]} 17. Nxe4 {[%emt 0:09:36]} Nbd7 {[%emt 0:02:05]} 18. Nxh8 {[%emt 0:03:24]} Bxh8 {[%emt 0:00:08]} 19. O-O-O {[%emt 0:00:43]} Qe7 {[%emt 0:04:00]} 20. Rg1 {[%emt 0:04:05]} Qg7 {[%emt 0:14:14]} 21. Rg3 {[%emt 0:02:22]} Qf7 {[%emt 0:17:07]} 22. Bxf6 {[%emt 0:08:03]} 1-0